Physics : Aviation Maintenance Technician Certification Series (Module 02) (Record no. 230300)

MARC details
000 -LEADER
fixed length control field 00497nam a2200181Ia 4500
008 - FIXED-LENGTH DATA ELEMENTS--GENERAL INFORMATION
fixed length control field 240823s9999||||xx |||||||||||||| ||und||
082 ## - DEWEY DECIMAL CLASSIFICATION NUMBER
-- 530 Q8
100 ## - MAIN ENTRY--PERSONAL NAME
Personal name Aircraft Technical Institute
245 #0 - TITLE STATEMENT
Title Physics : Aviation Maintenance Technician Certification Series (Module 02)
250 ## - EDITION STATEMENT
Edition statement 1st
260 ## - PUBLICATION, DISTRIBUTION, ETC. (IMPRINT)
Date of publication, distribution, etc 2018
Name of publisher, distributor, etc Aircraft Technical Book Co
500 ## - GENERAL NOTE
General note TRANSFERED
650 ## - SUBJECT ADDED ENTRY--TOPICAL TERM
Topical term or geographic name as entry element Physics in Aviation
942 ## - ADDED ENTRY ELEMENTS (KOHA)
Item type Books
Holdings
Withdrawn status Lost status Damaged status Permanent location Current location Shelving location Date acquired Source of acquisition Cost, normal purchase price Full call number Barcode Date last seen Koha item type
      CENTRAL LIBRARY, NOORUL ISLAM CENTRE FOR HIGHER EDUCATION CENTRAL LIBRARY, NOORUL ISLAM CENTRE FOR HIGHER EDUCATION   11/27/2018 Xerox Copy (Sterling Book House) 2067.03 530 Q8 78530 08/23/2024 Books
Visitors:
Copyright © 2024 Central Library NICHE.  All rights reserved.